<?xml version="1.0" encoding="UTF-8"?>
<record
    xmlns:xsi="http://www.w3.org/2001/XMLSchema-instance"
    xsi:schemaLocation="http://www.loc.gov/MARC21/slim http://www.loc.gov/standards/marcxml/schema/MARC21slim.xsd"
    xmlns="http://www.loc.gov/MARC21/slim">

  <leader>00438nam a2200145Ia 4500</leader>
  <controlfield tag="003">SEM</controlfield>
  <controlfield tag="008">141116s9999    xx            000 0 und d</controlfield>
  <datafield tag="080" ind1=" " ind2=" ">
    <subfield code="a">*******</subfield>
  </datafield>
  <datafield tag="100" ind1=" " ind2=" ">
    <subfield code="a">&#x544;&#x578;&#x582;&#x580;&#x561;&#x57F;&#x565;&#x561;&#x576; &#x54D;. &#x544;&#x561;&#x580;&#x57F;&#x56B;&#x580;&#x578;&#x57D;&#x575;&#x561;&#x576; &#x546;.</subfield>
  </datafield>
  <datafield tag="245" ind1=" " ind2=" ">
    <subfield code="a">&#x551;&#x578;&#x582;&#x581;&#x561;&#x56F; &#x541;&#x565;&#x57C;&#x561;&#x563;&#x580;&#x561;&#x581; &#x544;&#x577;&#x578;&#x575; &#x54D;. &#x531;&#x57C;&#x561;&#x584;&#x565;&#x56C;&#x578;&#x581;-&#x569;&#x561;&#x580;&#x563;&#x574;&#x561;&#x576;&#x579;&#x561;&#x581;  &#x54E;&#x561;&#x576;&#x584;&#x56B; &#x587; &#x547;&#x580;&#x57B;&#x561;&#x56F;&#x561;&#x575;&#x56B;&#x581; </subfield>
  </datafield>
  <datafield tag="260" ind1=" " ind2=" ">
    <subfield code="a">&#x535;&#x580;&#x587;&#x561;&#x576;</subfield>
  </datafield>
  <datafield tag="260" ind1=" " ind2=" ">
    <subfield code="c">1967</subfield>
  </datafield>
  <datafield tag="300" ind1=" " ind2=" ">
    <subfield code="a">220</subfield>
  </datafield>
  <datafield tag="942" ind1=" " ind2=" ">
    <subfield code="2">udc</subfield>
    <subfield code="c">BK</subfield>
  </datafield>
  <datafield tag="999" ind1=" " ind2=" ">
    <subfield code="c">45017</subfield>
    <subfield code="d">45017</subfield>
  </datafield>
  <datafield tag="952" ind1=" " ind2=" ">
    <subfield code="0">0</subfield>
    <subfield code="1">0</subfield>
    <subfield code="2">udc</subfield>
    <subfield code="4">0</subfield>
    <subfield code="7">0</subfield>
    <subfield code="d">2014-11-16</subfield>
    <subfield code="l">0</subfield>
    <subfield code="p">2674</subfield>
    <subfield code="r">2014-11-16</subfield>
    <subfield code="w">2014-11-16</subfield>
    <subfield code="y">BK</subfield>
  </datafield>
</record>
